| 000 | 01038nas a2200337 4500 | ||
|---|---|---|---|
| 001 | BR0300745 | ||
| 003 | BR-BrBNA | ||
| 005 | 20231205103559.0 | ||
| 007 | ta | ||
| 008 | 230509b bl.|||p| |||| 00| 00por d | ||
| 040 |
_aBR-BrBNA _bpor _cBiblioteca Nacional de Agricultura |
||
| 041 | _a(Pt) | ||
| 072 | _aL72 | ||
| 100 | 1 | _aCoser Júnior, R. | |
| 100 | 1 | _aPaula, V.V. de | |
| 100 | 1 | _aLeite, A.I. | |
| 100 | 1 | _aOliveira, J.B. de | |
| 100 | 1 | _aCavalcanti, M.D. de B. | |
| 245 | 1 | _aOcorrência de enteroparasitos em catetos (Tayassu tajacu)mantidos em cativeiro | |
| 650 | _aPORCO SELVAGEM | ||
| 650 | _aCRIAÇÃO EM CATIVEIRO | ||
| 650 | _aPARASITO DE ANIMAL | ||
| 650 | _aCONFINAMENTO | ||
| 650 | _aANÁLISE DE LABORATÓRIO | ||
| 650 | _aPROTOZOÁRIO | ||
| 650 | _aHELMINTO | ||
| 650 | _aHIGIENE VETERINÁRIA | ||
| 773 | 0 |
_tRevista Brasileira de Medicina Veterinária (Brazil) _xISSN 0100-2430 _g(May-Jun 2002), v. 24(3) p. 111-113 _wBR0300745 |
|
| 909 |
_a202311 _bLúcia _c55 _dLúcia Elande |
||
| 942 |
_2AGRIS _n0 _cANA |
||
| 999 |
_c173629 _d173629 |
||